00688nam a22002297a 4500003000200000005001700002008000200019010001300021020002300034035003300057037001600090040001500106082001500121100001900136245010800155260004600263270004800309300002600357500001900383650002500402650003100427020180827134732.00 aB-182186 c225.00a8120326962 aB-182186, B-182190, B-182193 bCen Lib/Ret aDPLbENc0 a005.3bMCG aMcGhee, Sally  aTake back your life ! :cby Sally McGheebusing microsoft outlook to get organized and stay organized / aNew Delhi bPrentice Hall of India c2005 bNew Delhi aM-97, connaught circus e110001 axxi, 260p.c23cm(pbk) aIncludes Index aComputer science v  aProcessing and organizing